[Event "Nouadhibou Independence op"]
[Site "Nouadhibou"]
[Date "2014.11.27"]
[Round "1"]
[White "Elwely, Mohamed Aly"]
[Black "Abdallahi, Eyaha"]
[Result "0-1"]
[WhiteElo "1670"]
[BlackElo "1698"]
[PlyCount "70"]
[EventDate "2014.11.27"]
[EventType "swiss"]
[EventRounds "9"]
[EventCountry "MAU"]
[SourceTitle "CBM 163 Extra"]
[Source "ChessBase"]
[SourceDate "2014.12.23"]
[SourceVersion "1"]
[SourceVersionDate "2014.12.23"]
[SourceQuality "1"]

1. d4 d5 2. Nf3 g6 3. Bf4 Bg7 4. e3 Nf6 5. h3 Bf5 6. a3 Nbd7 7. c4 c6 8. Nbd2 Ne4 9. Be2 Qb6 10. Nxe4 Bxe4 11. b4 0-0 12. 0-0 a5 13. Qd2 Rfd8 14. c5 Qa7 15. Bc7 Re8 16. Bxa5 e5 17. Rfe1 Qb8 18. Rac1 Bh6 19. b5 Qc8 20. Nh2 Nf6 21. a4 exd4 22. Qxd4 Rxa5 23. Qxf6 Rxa4 24. Qb2 Qd7 25. Ng4 Bg7 26. Nf6+ Bxf6 27. Qxf6 cxb5 28. Qb6 Rb4 29. f3 Bf5 30. Bd1 Qe7 31. f4 d4 32. Bf3 d3 33. Ra1 d2 34. Re2 Bd3 35. Rxd2 Qxe3+ 0-1

[Event "MAU-ch"]
[Site "Nouadhibou"]
[Date "2013.12.31"]
[Round "6"]
[White "Elwely, Mohamed Aly"]
[Black "Baya, Ahmed"]
[Result "0-1"]
[WhiteElo "1538"]
[BlackElo "1754"]
[PlyCount "82"]
[EventDate "2013.12.28"]
[EventType "swiss"]
[EventRounds "11"]
[EventCountry "MAU"]
[SourceTitle "CBM 158 Extra"]
[Source "ChessBase"]
[SourceDate "2014.02.28"]
[SourceVersion "1"]
[SourceVersionDate "2014.02.28"]
[SourceQuality "1"]

1. e4 c5 2. Nf3 Nc6 3. d4 cxd4 4. Nxd4 Nf6 5. Nc3 e5 6. Nf3 Bc5 7. Bg5 h6 8. Bh4 g5 9. Bg3 d6 10. a3 Bg4 11. Be2 a5 12. Qd3 0-0 13. 0-0 Bh5 14. h3 Bg6 15. Qc4 Rc8 16. Qb3 Bxe4 17. Nxe4 Nxe4 18. Kh2 b6 19. Rad1 Qe7 20. Bd3 Nf6 21. Nd2 Nd4 22. Qa4 d5 23. c3 Ne6 24. Bf5 Bd6 25. Bxe6 fxe6 26. Qc2 Qg7 27. Nf3 Nh5 28. Kg1 Nxg3 29. fxg3 Rf7 30. Nh2 Rxf1+ 31. Rxf1 e4 32. Qd1 Rf8 33. Rxf8+ Qxf8 34. Qg4 Qf7 35. h4 Bc5+ 36. Kh1 Kh7 37. Qd1 gxh4 38. gxh4 Qf2 39. b4 Be3 40. h5 axb4 41. cxb4 d4 0-1